000 00278nam a2200121Ia 4500
008 190216s9999||||xx |||||||||||||| ||und||
100 _aBarnard S And Child Jm
245 0 _aHigher Algebra
260 _bMacmillan
_c1967
300 _a585p
650 _aMathematics
942 _cBK
999 _c30514
_d30514